Anna Lowenhaupt Tsing. Le champignon de la fin du monde. Sur les possibilités de vivre dans les ruines du capitalisme. La Découverte, Paris, 2017 (notice n° 1584644)
[ vue normale ]
| 000 -LEADER | |
|---|---|
| fixed length control field | 01411cam a2200169 4500500 |
| 005 - DATE AND TIME OF LATEST TRANSACTION | |
| control field | 20251228052840.0 |
| 041 ## - LANGUAGE CODE | |
| Language code of text/sound track or separate title | fre |
| 042 ## - AUTHENTICATION CODE | |
| Authentication code | dc |
| 100 10 - MAIN ENTRY--PERSONAL NAME | |
| Personal name | Zimmer, Alexis |
| Relator term | author |
| 245 00 - TITLE STATEMENT | |
| Title | Anna Lowenhaupt Tsing. Le champignon de la fin du monde. Sur les possibilités de vivre dans les ruines du capitalisme. La Découverte, Paris, 2017 |
| 260 ## - PUBLICATION, DISTRIBUTION, ETC. | |
| Date of publication, distribution, etc. | 2018.<br/> |
| 500 ## - GENERAL NOTE | |
| General note | 44 |
| 520 ## - SUMMARY, ETC. | |
| Summary, etc. | L’expérience concrète des désastres écologiques et le sentiment de notre dépendance vis-à-vis de la Terre réveillent notre sensibilité, suscitent des recherches et réactualisent des savoirs et des résistances oubliés. « Quelque chose se passe » du côté des liens à la Terre et des manières de l’habiter, de l’attention aux humains, aux autres qu’humains et à l’inhumain. |
| 520 ## - SUMMARY, ETC. | |
| Summary, etc. | The concrete experience of ecological disasters and the awareness that we depend on the Earth reawaken our sensitivity, arouse researches and bring forgotten knowledges and resistances up to date. « Something is happening » regarding our relation to the Earth and our ways of inhabiting it, regarding also the attention to human beings, to other-than-human beings and to inhuman events. |
| 786 0# - DATA SOURCE ENTRY | |
| Note | Écologie & Politique | 56 | 1 | 2018-06-14 | p. 179d-191d | 1166-3030 |
| 856 41 - ELECTRONIC LOCATION AND ACCESS | |
| Uniform Resource Identifier | <a href="https://shs.cairn.info/revue-ecologie-et-politique-2018-1-page-179d?lang=fr&redirect-ssocas=7080">https://shs.cairn.info/revue-ecologie-et-politique-2018-1-page-179d?lang=fr&redirect-ssocas=7080</a> |
Pas d'exemplaire disponible.




Réseaux sociaux